Εσύ, γλυκιά μου εξουσία : μυθιστόρημα

Αποθηκεύτηκε σε:
Λεπτομέρειες βιβλιογραφικής εγγραφής
Κύριος συγγραφέας: Παπαθανασοπούλου, Μάιρα, 1967-
Μορφή: Βιβλίο
Γλώσσα:Greek
Δημοσίευση: Αθήνα : Πατάκης, 2004.
Σειρά:Σύγχρονη ελληνική λογοτεχνία. Πεζογραφία (Εκδόσεις Πατάκη) ; 170
Θέματα:
Ετικέτες: Προσθήκη ετικέτας
Δεν υπάρχουν, Καταχωρήστε ετικέτα πρώτοι!

MARC

LEADER 00000cam a2200000 i 4500
001 1/80549
008 050711s2004 gr | ||| |||| ||gre||
020 |a 9601610634 
035 |l 10079051 
040 |a GR-MY-UA  |b gre  |e aacr 
041 0 |a gre 
082 7 |a 889.334   |2 (22) 
100 1 |a Παπαθανασοπούλου, Μάιρα,   |d 1967- 
245 1 0 |a Εσύ, γλυκιά μου εξουσία :   |b μυθιστόρημα /   |c Μάϊρα Παπαθανασοπούλου.  
260 |a Αθήνα :   |b Πατάκης,   |c 2004.  
300 |a 299 σ. ;   |c 21 εκ. 
490 1 |a (Σύγχρονη ελληνική λογοτεχνία. Πεζογραφία / Εκδόσεις Πατάκη ;   |v  170) 
650 0 0 |a Greek fiction. 
650 0 0 |a Greek fiction, Modern  |y 20th century. 
830 0 |a Σύγχρονη ελληνική λογοτεχνία.   |p Πεζογραφία (Εκδόσεις Πατάκη)  |v  ; 170 
852 |a INST  |b CHIOS  |e 20050711  |h 889.334 ΠΑΠ  |p 005200022162  |q 005200022162  |t BK  |y 0 
901 |a BIBL2-2005-2 
909 |a Χ  |b 112725 
922 |a 2ΕΛΗ  |b 200502  |c ΚΕΝΤΡΙΚΗ ΒΙΒΛΙΟΘΗΚΗ  |d ΠΥΞΙΔΑ 
970 |a ΧΑΖΙΡΗ  |b ΑΝΝΑ  |z 2005/07/11